[Event "Hamburg-chB"]
[Site "Hamburg"]
[Date "2010.05.26"]
[Round "5.5"]
[White "Garbe, Joachim"]
[Black "Haugwitz, Steffen"]
[Result "0-1"]
[WhiteElo "1137"]
[BlackElo "1461"]
[PlyCount "30"]
[EventDate "2010.05.22"]
[EventType "swiss"]
[EventRounds "9"]
[EventCountry "GER"]
[SourceTitle "EXT 2011"]
[Source "ChessBase"]
[SourceDate "2010.11.26"]
[SourceVersion "1"]
[SourceVersionDate "2010.11.26"]
[SourceQuality "1"]

1. e4 c5 2. Nf3 Nc6 3. d4 cxd4 4. Nxd4 g6 5. Be3 Bg7 6. Qd2 Nf6 7. f3 0-0 8. Nc3 e6 9. 0-0-0 d5 10. Nxc6 bxc6 11. e5 Ne8 12. Bc5 Qa5 13. Bxf8 Bxf8 14. a3 Bxa3 15. bxa3 Qxa3+ 0-1